FIFA 21 Top 20 Central Defenders - Statistics

General Stats
  • This quiz has been taken 157 times
  • The average score is 13 of 20
Answer Stats
Rank Player OVA % Correct
2 Sergio Ramos 89
98%
1 Virgil van Dijk 90
98%
6 Raphaël Varane 86
90%
8 Gérard Piqué 86
86%
16 Thiago Silva 85
79%
5 Giorgio Chiellini 87
77%
13 Leonardo Bonucci 85
76%
12 Marquinhos 85
76%
7 Mats Hummels 86
75%
4 Aymeric Laporte 87
67%
9 Matthijs de Ligt 85
62%
11 Clément Lenglet 85
61%
3 Kalidou Koulibaly 88
58%
15 Diego Godín 85
55%
18 Niklas Süle 84
53%
14 Toby Alderweireld 85
48%
17 José María Giménez 84
46%
10 Milan Škriniar 85
42%
20 Stefan de Vrij 84
41%
19 Felipe 84
19%
No matching quizzes found
Score Distribution
Percent of People with Each Score
Percentile by Number Answered
Your Score History
You have not taken this quiz